000
00332nam a2200121Ia 4500
008
180117s9999 xx 000 0 und d
100
_a
by Finnette CAstaneda
245
_a
Happy Christmas Wherever You Are
260
_c
2016
300
_a
22-24 pages, 2016 December 25
440
_a
Philippine Panorama
650
_a
HAPPY CHRISTMAS
999
_c
353478
_d
353478